00424nam a2200145Ia 4500008004100000020001500041041001200056082001600068100001600084245010200100260003700202300000800239650001300247700001800260221030s9999 xx 000 0 und d a8125909451 aEnglish a105.23bKum aK. M. Kumar 0aBasic Electrical, Electronics Computer & Communication Engineeringcby K. M. Kumar, V. Jaganathan bVikas Pub HouseaNew Delhic1999 a398 aECE & EE aV. Jaganathan